Lofts. New dimension : Nuevos Lofts

Saved in:
Bibliographic Details
Format: Book
Language:English
Spanish
Published: Barcelona : Monsa, 2007
Tags: Add Tag
No Tags, Be the first to tag this record!

MARC

LEADER 00000nam a22000003a 4500
001 stu243740
005 20141123131616.8
008 120224s2007------------------------eng-d
020 |a 978-84-96429-65-9 
040 |a STU  |b slo 
041 0 |a eng  |a spa 
245 |a Lofts. New dimension :  |b Nuevos Lofts 
260 |a Barcelona :  |b Monsa,  |c 2007 
300 |a 255 s 
996 |b 284AU05146  |c A*7876  |l AA5150  |s P  |a 0  |w stu243740_0001